000
00402nam a22001457a 4500
003
SGT
020
_a
9788189859787
082
_a
350.954
_b
M08N
100
_a
नंदन, कन्हैयालाल
245
_a
मोहिं कहां विश्राम
260
_b
किताबघर प्रकाशन
_c
2008
300
_a
294
650
_a
SCIAL SCIENCE
942
_2
ddc
_c
BK
999
_c
27785
_d
27785